000 00380cam a22001217a 4500
008 180718b1962 xxu||||| |||| 00| 0 eng d
082 _aB131x493 AN28
100 _aAndrieu, Jean- Marie
245 _aBelgium: treasures of yesterday promise of to-morrow
_cby Jean-Marrie Anrieu
260 _aBrussels
_bLumiere Publishing
_c1962
300 _a106p
650 _aCommunity Life- belgium
999 _c408381
_d408381